| 000 | 00776nam a22002417a 4500 | ||
|---|---|---|---|
| 999 |
_c169 _d169 |
||
| 001 | 6949 | ||
| 003 | BD-DhUAP | ||
| 005 | 20200119105301.0 | ||
| 008 | 200119r20001996 a|||| b||| 001 0 eng d | ||
| 020 | _a8120314700 | ||
| 040 |
_aBD-DhUAP _bEng _cBD-DhUAP _dBD-DhUAP |
||
| 082 |
_223 _a005.11 SHA |
||
| 100 | _aShaw, Mary. | ||
| 245 |
_aSoftware architecture : _bperspectives on an emerging discipline / _cMary Shaw and David Garlan. |
||
| 260 |
_aNew Delhi : _bPrentice-hall of India, _cc1996 [Reprinted 2000]. |
||
| 300 |
_axv, 241 pages : _billustrations ; _c24 cm. |
||
| 504 | _aIncludes bibliography and index. | ||
| 650 | _aSoftware architecture. | ||
| 650 | _aComputer architecture. | ||
| 650 | _aComputer software. | ||
| 700 | _aGarlan, David. | ||
| 942 |
_2ddc _cBK |
||